岛屿数量200以上的日本都道府县 扫雷模式 - Statistics

General Stats
  • This quiz has been taken 35 times
  • The average score is 4 of 23
Answers on the Grid
Answers color-coded by a green-red scale on the quiz's grid according to % correct below.
长崎县
北海道
鹿儿岛县
岩手县
冲绳县
宫城县
和歌山县
东京都
岛根县
三重县
宫崎县
高知县
广岛县
新潟县
爱媛县
熊本县
大分县
青森县
福冈县
千叶县
静冈县
德岛县
兵库县
石川县
山口县
秋田县
神奈川县
佐贺县
京都府
冈山县
香川县
山形县
福井县
爱知县
鸟取县
福岛县
茨城县
富山县
滋贺县
埼玉县
大阪府
奈良县
山梨县
岐阜县
栃木县
群马县
长野县
 
Answer Stats
Answer % Correct
691 冲绳县
66%
1,473 北海道
55%
1,256 鹿儿岛县
55%
1,479 长崎县
52%
635 东京都
48%
396 广岛县
24%
299 熊本县
17%
391 新潟县
14%
333 爱媛县
14%
264 青森县
14%
206 德岛县
14%
600 岛根县
10%
285 大分县
10%
203 兵库县
10%
655 和歌山县
7%
403 宫崎县
7%
400 高知县
7%
251 福冈县
7%
244 千叶县
7%
666 宫城县
3%
243 静冈县
3%
861 岩手县
0%
540 三重县
0%
No matching quizzes found
Score Distribution
Percent of People with Each Score
Percentile by Number Answered
Your Score History
You have not taken this quiz